000 00697nam a2200241Ia 4500
003 OSt
005 20220927105857.0
006 a|||||r|||| 00| 0
007 ta
008 220926b |||||||| |||| 00| 0 eng d
024 _a64495
037 _cReference Collections
040 _aRTL
_cRTL
_beng
041 _2eng
_aeng
082 _a"X411p1,N66, K6"
111 _aInternational Road Transport Union Congress (1966 : London)
_9375513
245 0 _aSpeeches and resolutions
260 _aGeneva
_bCentre International
_c1966
300 _a99p.
_ccm.
650 _aRoad Transport Economics
942 _h"X411p1,N66, K6"
_cCC
999 _c695045
_d695045